The algebra teacher's activity-a-day. over 180 quick challenges for developing math and problem-solving skills / Grades 6-12 :

Bibliographic Details
Main Author: Thompson, Frances M. (Frances McBroom)
Format: Book
Language:English
Published: San Francisco : Jossey-Bass, [2010]
Series:5-minute fundamentals.
Jossey-Bass education series.
Subjects:

MARC

Tag First Indicator Second Indicator Subfields
LEADER 00000cam a2200000 a 4500
001 in00002554321
005 20151201152900.0
008 100226s2010 cau 000 0 eng
020 |a 9780470505175 (pbk.) 
020 |a 0470505176 (pbk.) 
035 |a (OCoLC)ocn489001708 
040 |a UKM  |c UKM  |d BWK  |d YDX  |d UtOrBLW 
049 |a TXAM 
082 0 |a 512.9071241  |2 22 
090 |a QA159  |b .T46 2010 
100 1 |a Thompson, Frances M.  |q (Frances McBroom) 
245 1 4 |a The algebra teacher's activity-a-day.  |p Grades 6-12 :  |b over 180 quick challenges for developing math and problem-solving skills /  |c Frances McBroom Thompson. 
264 1 |a San Francisco :  |b Jossey-Bass,  |c [2010] 
264 4 |c ©2010 
300 |a xv, 230 pages :  |b illustrations ;  |c 24 cm. 
336 |a text  |b txt  |2 rdacontent 
337 |a unmediated  |b n  |2 rdamedia 
338 |a volume  |b nc  |2 rdacarrier 
490 1 |a 5-minute fundamentals 
490 1 |a The Jossey-Bass education series 
650 0 |a Algebra  |x Study and teaching (Secondary)  |x Activity programs  |z Great Britain. 
830 0 |a 5-minute fundamentals. 
830 0 |a Jossey-Bass education series. 
945 |a PromptCat  |b 26009 
946 |a stk 
947 |a A14840192349 
948 |a cataloged  |b h  |c 2010/7/16  |d c  |e dmitchel  |f 2:20:20 pm 
994 |a 92  |b TXA 
999 |a MARS 
999 f f |s 37fcf2b5-61b9-3d82-84ae-7efe8d5c5b14  |i a0146ce8-8a05-33f4-baff-1c5f504abc5a  |t 0 
952 f f |p ric  |a Texas A&M University  |b Rellis Campus  |c Joint Library Facility  |d Remote Storage  |t 0  |e QA159 .T46 2010  |h Library of Congress classification  |i unmediated -- volume  |m A14840192349 
998 f f |a QA159 .T46 2010  |t 0  |l Remote Storage